000 01640nam a2200373 c 4500
003 BLK
005 20180420220252.0
008 180407b bul|||||r ||||||| ||bul||
010 _aKNG00031629000
020 _a954-8249-17-0
_bиздат.: Педагог 6
040 _aBLK
041 _aBUL
_cBUL
080 _aСредни училища
_b373.5
_x(497.2)(035)
_z373.5(497.2)(035)
080 _aСпециално образование. Професионално образование. Професионални училища
_b377
_x(497.2)(035)
_z377(497.2)(035)
100 1 _aДелев, Кирил
_eпърви автор
_9243820
700 1 _aНиколова, Лили
_eсъавт.
_9243595
139 _aДелев, Кирил и др.
_bД 36
245 1 0 _aСправочник за кандидатстващите след VІІ клас
_bЕз. гимназии, мат. гимназии, техникуми, проф. гимназии
_cКирил Делев; съавт. Лили Николова.
257 _aBGR
260 София
_bПедагог 6
_c1996
_fЯмбол : Светлина
300 _a135 с.
_c20 см
380 _a3
650 4 _aСредни училища - България - справочници
_9269618
650 4 _aТехникуми - България
_9263410
653 _aсредно образование
653 _aтехникуми
653 _aкандидат-гимназисти
653 _aсправочници
852 _aЦб 191944
856 4 _qpdf
_u
856 4 _qpdf
_u
942 _cKNG
_n0
944 _aCR
_c04.06.2003
_kЛюдмила_Стоянова
944 _aED
_c30.06.2003
_k
999 _c29020
_d29020